<?xml version="1.0" encoding="UTF-8"?>
<record
    xmlns:xsi="http://www.w3.org/2001/XMLSchema-instance"
    xsi:schemaLocation="http://www.loc.gov/MARC21/slim http://www.loc.gov/standards/marcxml/schema/MARC21slim.xsd"
    xmlns="http://www.loc.gov/MARC21/slim">

  <leader>01504nam a22001697a 4500</leader>
  <controlfield tag="008">160217b        xxu||||| |||| 00| 0 eng d</controlfield>
  <datafield tag="020" ind1=" " ind2=" ">
    <subfield code="a">9057025957</subfield>
  </datafield>
  <datafield tag="050" ind1=" " ind2=" ">
    <subfield code="a">QR99.K74</subfield>
  </datafield>
  <datafield tag="100" ind1=" " ind2=" ">
    <subfield code="a">Kreier, Julius P.</subfield>
  </datafield>
  <datafield tag="245" ind1=" " ind2=" ">
    <subfield code="a">Infection, resistance, and immunity. /</subfield>
    <subfield code="c">Julius P. Kreier.</subfield>
  </datafield>
  <datafield tag="250" ind1=" " ind2=" ">
    <subfield code="a">2nd ed.</subfield>
  </datafield>
  <datafield tag="260" ind1=" " ind2=" ">
    <subfield code="a">New York:</subfield>
    <subfield code="b">Taylor and Francis,</subfield>
    <subfield code="c">c2002.</subfield>
  </datafield>
  <datafield tag="300" ind1=" " ind2=" ">
    <subfield code="a">xvi, 497p. :</subfield>
    <subfield code="b">ill. ;</subfield>
    <subfield code="c">25cm.</subfield>
  </datafield>
  <datafield tag="500" ind1=" " ind2=" ">
    <subfield code="a">Includes index.</subfield>
  </datafield>
  <datafield tag="505" ind1=" " ind2=" ">
    <subfield code="a">Contents: Introduction to infection, resistance, and immunity -- Host-parasite relationship -- Constitutive host resistance -- The inflammatory response: a bridge between the constitutive and inducible systems -- The inducible systems: history of development of immunology as a component of host-parasite interactions -- The inducible system: antigens -- The inducible defense system: antibody molecules and antigen-antibody relations -- The inducible defense system: the induction and development of the inducible defense -- Specific host resistance; the effector mechanisms -- Immunologically mediated diseases and allergic reactions -- The host response to grafts and transplantation immunology -- The immunological system and neoplasia -- Comparative immunology -- Pathogenicity and virulence -- Bacteria -- The viruses -- The parasitic protozoa and helminth worms -- The fungi -- Immunization -- Immunological tests for diagnosis of disease and identification of molecules -- Epidemiology, disease transmission, prevention, and control.</subfield>
  </datafield>
  <datafield tag="942" ind1=" " ind2=" ">
    <subfield code="2">lcc</subfield>
    <subfield code="c">BK</subfield>
  </datafield>
  <datafield tag="999" ind1=" " ind2=" ">
    <subfield code="c">5888</subfield>
    <subfield code="d">13388</subfield>
  </datafield>
  <datafield tag="952" ind1=" " ind2=" ">
    <subfield code="0">0</subfield>
    <subfield code="1">0</subfield>
    <subfield code="2">lcc</subfield>
    <subfield code="4">0</subfield>
    <subfield code="7">0</subfield>
    <subfield code="a">WIUC-1</subfield>
    <subfield code="b">WIUC-1</subfield>
    <subfield code="c">NURS L.</subfield>
    <subfield code="d">2016-02-17</subfield>
    <subfield code="l">0</subfield>
    <subfield code="o">QR99.K74</subfield>
    <subfield code="p">NURS/038/16</subfield>
    <subfield code="r">2016-02-17 00:00:00</subfield>
    <subfield code="w">2016-02-17</subfield>
    <subfield code="y">BK</subfield>
  </datafield>
</record>
